00747nam a22002057a 450000500170000001000150001702000260003203500140005803700140007208200150008610000240010124501000012526000420022527000370026730000280030450000340033294200290036699900190039595201270041420180423140604.0 aENG-122530 a9789383166220c850.00 aEN-106062 bDBAD/PUB. a307.760954 aPattenden, Jonathan aLabour, state and society in rural india:cby Jonathan PattendenbA class-relational approach / aNew DelhibSocial Science Pressc2017 a69, Jor Bagh,bNew Delhie110003 a200p.bill. c22cm.(Hb) aIncludes references and index 2ddccENmPATh307.760954 c150921d150921 001040718NFICaDBADbBL4d2018-04-10eDBAD/PUBg850.00l0o307.760954PATpEN-106062r2018-04-10 00:00:00t1v850.00yEN